O mais belo fim do mundo (Record no. 45649)

MARC details
000 -Etiqueta do registo
Valores 00653nam a2200217 4500
010 ## - Número ISBN
ISBN 9789897227554
021 ## - Número do Depósito Legal
Código do país Portugal
Número 482808/21
100 ## - Dados gerais de processamento
Dados gerais 20220321d2021 m y0pory50030103ba
102 ## - País de publicação
País Portugal
200 1# - Titulo e menção de responsabilidade
Título próprio O mais belo fim do mundo
Primeira menção de responsabilidade José Eduardo Agualusa
205 ## - Menção da edição
Edição 1 ed
210 #9 - Publicação
Local de publicação Lisboa
Nome do editor Quetzal,
Data de publicação 2021
215 ## - Descrição física 
Paginação / Volumes 431 [7] p.
Dimensões 24 cm
225 2# - Colecção 
Título próprio da colecção Obras José Eduardo Agualusa
675 ## - CDU
Notação 821.134.3(673)-9
Edição BN
Língua por
700 #1 - Autor principal (pessoa individual)
Apelido Agualusa,
Nome José Eduardo,
Datas 1960-
801 #0 - Fonte de origem
País PT
Agência BN
Regras de catalogação RPC
856 41 - Localização e acesso electrónico 
URL <a href="http://rnod.bnportugal.gov.pt/ImagesBN/winlibimg.aspx?skey=&doc=2095469&img=163002&save=true">http://rnod.bnportugal.gov.pt/ImagesBN/winlibimg.aspx?skey=&doc=2095469&img=163002&save=true</a>
990 ## - Elementos KOHA
Tipo de documento Livro
Holdings
Estado Biblioteca de origem Código de barras Cota Permissão de empréstimo Tipo de documento Empréstimo Forma de aquisição
  Biblioteca Municipal de Redondo 054145 821.134.3(673)-9 AGU   MON Biblioteca Municipal de Redondo  

Powered by Koha